[Event "DSV-Turnier"]
[Site "Leipzig"]
[Date "1986.??.??"]
[Round "9"]
[White "Yudasin, Leonid"]
[Black "Suetin, Alexey S"]
[Result "1-0"]
[WhiteElo "2495"]
[BlackElo "2400"]

1.e4 c5 2.Nf3 e6 3.d4 cxd4 4.Nxd4 a6 5.Bd3 Bc5 6.Nb3 Bb6 7.Nc3 Nc6 8.Qe2 d6
9.Be3 Nf6 10.f4 Bxe3 11.Qxe3 Qc7 12.O-O-O O-O 13.Rhg1 b5 14.g4 b4 15.g5 Ne8
16.Ne2 a5 17.Kb1 Ba6 18.h4 a4 19.Nbd4 Qb6 20.Bxa6 Rxa6 21.Qh3 Qc7 22.g6 Nxd4
23.gxh7+ Kxh7 24.Rxg7+ Kh8 25.Nxd4 Ra8 26.Rg5 Nf6 27.e5 dxe5 28.fxe5 Nd7
29.Qg4 f5 30.exf6 e5 31.Rg1 Nxf6 32.Qf5 Qd6 33.Rg6  1-0

[Event "DSV-Turnier"]
[Site "Leipzig"]
[Date "1986.??.??"]
[Round "10"]
[White "Espig, Lutz"]
[Black "Yudasin, Leonid"]
[Result "0-1"]
[WhiteElo "2395"]
[BlackElo "2495"]

1.Nf3 c5 2.c4 Nc6 3.Nc3 e5 4.e3 d6 5.Be2 f5 6.O-O Be7 7.d4 e4 8.Ne1 Nf6 9.d5 Ne5
10.f4 exf3 11.gxf3 f4 12.exf4 Ng6 13.Ng2 Bh3 14.Bd3 Qd7 15.Qc2 O-O-O 16.Ne4 Kb8
17.Ng5 Rdf8 18.Ne6 Rf7 19.Bf5 Bxf5 20.Qxf5 Bd8 21.Qd3 Nh5 22.Be3 Nf8 23.f5 g6
24.fxg6 hxg6 25.Rae1 Ng7 26.Bf4 Ka8 27.Bg3 Bf6 28.Nxf8 Rfxf8 29.Nf4 Bd4+
30.Kg2 Nf5 31.Ne6 Qh7 32.Ng5 Qh5 33.f4 Bxb2 34.Qf3 Qh6 35.Re4 Bf6 36.Qg4 a6
37.Rfe1 Ka7 38.a4 Bxg5 39.fxg5 Qg7 40.R1e2 Qf7 41.Rf2 Qd7 42.Kg1 Qxa4 43.Re6 Nxg3
44.Qxg3 Qxc4 45.Ref6 Re8 46.Qxd6 Rh4 47.R6f4 Rxf4 48.Rxf4 Qc1+ 49.Kg2 Re1
50.Rg4 Qc2+ 51.Kh3 Re3+  0-1

[Event "DSV-Turnier"]
[Site "Leipzig"]
[Date "1986.??.??"]
[Round "12"]
[White "Meduna, Eduard"]
[Black "Yudasin, Leonid"]
[Result "1-0"]
[WhiteElo "2485"]
[BlackElo "2495"]

1.d4 Nf6 2.Nf3 e6 3.Bf4 b6 4.e3 Bb7 5.c4 Be7 6.h3 O-O 7.Nc3 d5 8.cxd5 exd5
9.Bd3 Nbd7 10.O-O Ne4 11.Ne5 Ndf6 12.Qa4 Bd6 13.Nb5 Qe8 14.Qc2 a6 15.Nxc7 Bxc7
16.Qxc7 Bc8 17.f3 g5 18.fxe4 gxf4 19.Rxf4 Nxe4 20.Rxe4 dxe4 21.Bxe4 Be6 22.Bxa8 Qxa8
23.Nc6 Re8 24.Qg3+ Kh8 25.Qe5+ Kg8 26.d5  1-0

[Event "DSV-Turnier"]
[Site "Leipzig"]
[Date "1986.??.??"]
[Round "13"]
[White "Yudasin, Leonid"]
[Black "Stempin, Pawel"]
[Result "1/2-1/2"]
[WhiteElo "2495"]
[BlackElo "2420"]

1.e4 c5 2.Nf3 d6 3.d4 cxd4 4.Nxd4 Nf6 5.Nc3 a6 6.Bg5 e6 7.f4 Qb6 8.Qd2 Qxb2
9.Rb1 Qa3 10.f5 Nc6 11.fxe6 fxe6 12.Nxc6 bxc6 13.Be2 Be7 14.Rb3 Qa5 15.O-O Qd8
16.Qe3 O-O 17.e5 Nd5 18.Bxe7 Rxf1+ 19.Bxf1 Qxe7 20.exd6 Qxd6 21.Ne4 Qe5 22.Qd3 Bd7
23.c4 Nf4 24.Qxd7 Qxe4 25.Rb7 Qe3+ 26.Kh1 Qe5 27.Qf7+ Kh8 28.Re7 h6 29.g3 Qe4+
30.Kg1 Qd4+ 31.Kh1 Qe4+ 32.Kg1 Qd4+ 33.Kh1  1/2-1/2

[Event "Dreszer mem"]
[Site "Gdynia"]
[Date "1987.??.??"]
[Round "1"]
[White "Yudasin, Leonid"]
[Black "Tomaszewski, Roman"]
[Result "1-0"]
[WhiteElo "2505"]
[BlackElo "2380"]

1.e4 c6 2.d4 d5 3.e5 Bf5 4.Nc3 e6 5.g4 Bg6 6.Nge2 c5 7.Be3 Ne7 8.dxc5 Nec6
9.Nd4 Nd7 10.Bb5 Rc8 11.Qe2 Bxc5 12.O-O-O h5 13.Nf5 hxg4 14.Bxc5 Bxf5 15.Bd6 a6
16.Ba4 Na5 17.Kb1 b5 18.Bb3 Nxb3 19.axb3 Rh3 20.Qd2 Nc5 21.Qd4 Nb7 22.Ba3 Qc7
23.Qb4 Qc5 24.Qf4 Qc7 25.Qg5 Rh7 26.Rd2 Rd8 27.Ka2 g6 28.Qf4 Rd7 29.Qb4 Rh8
30.Kb1 Kd8 31.Qd4 Qc6 32.Qa7 Rh3 33.Rhd1 Kc7 34.Ne2 Qb6 35.Bd6+ Rxd6 36.exd6+ Qxd6
37.Nd4 Be4 38.Re1 Rxh2 39.Rxe4 Rh1+ 40.Ka2  1-0

[Event "Dreszer mem"]
[Site "Gdynia"]
[Date "1987.??.??"]
[Round "2"]
[White "Socha, Czeslaw"]
[Black "Yudasin, Leonid"]
[Result "0-1"]
[WhiteElo "2270"]
[BlackElo "2505"]

1.d4 Nf6 2.c4 e6 3.Nf3 c5 4.d5 exd5 5.cxd5 d6 6.Nc3 g6 7.e4 Bg7 8.Nd2 O-O
9.Be2 Na6 10.O-O Nc7 11.a4 Nfe8 12.Nc4 f5 13.exf5 Rxf5 14.Bg4 Rf7 15.Bf3 b6
16.Ne4 h6 17.Re1 Bb7 18.Ng3 Nf6 19.Ne3 Qf8 20.Qd3 Nd7 21.Qxg6 Ne5 22.Qh5 Rxf3
23.Nef5 Rxf5 24.Nxf5 Kh7 25.Ra3 Qe8 26.Nxg7 Nf3+ 27.gxf3 Qxe1+ 28.Kg2 Qxc1  0-1

[Event "Dreszer mem"]
[Site "Gdynia"]
[Date "1987.??.??"]
[Round "3"]
[White "Yudasin, Leonid"]
[Black "Piechocki, Franciszek"]
[Result "1-0"]
[WhiteElo "2505"]
[BlackElo "2275"]

1.e4 c5 2.Nf3 d6 3.d4 cxd4 4.Nxd4 Nf6 5.Nc3 a6 6.f4 e5 7.Nf3 Qc7 8.a4 b6
9.Bd3 Bb7 10.O-O Be7 11.Qe2 Nbd7 12.Kh1 O-O 13.Nh4 Rfc8 14.Nf5 Bf8 15.fxe5 Nxe5
16.Bg5 Ne8 17.Ne3 Nxd3 18.cxd3 Qd7 19.Ned5 Bxd5 20.Nxd5 Rab8 21.Qf2 f6 22.Be3 Rc5
23.Bxc5 bxc5 24.Qc2 Nc7 25.Nxc7 Qxc7 26.Qc4+ Qf7 27.Qxa6  1-0

[Event "Dreszer mem"]
[Site "Gdynia"]
[Date "1987.??.??"]
[Round "6"]
[White "Yudasin, Leonid"]
[Black "Figiel, Marek"]
[Result "1-0"]
[WhiteElo "2505"]
[BlackElo "2230"]

1.e4 c5 2.Nf3 d6 3.d4 cxd4 4.Nxd4 Nf6 5.Nc3 a6 6.Be3 Nbd7 7.Qd2 b5 8.f3 e6
9.g4 h6 10.O-O-O Bb7 11.Bd3 b4 12.Nce2 d5 13.exd5 Bxd5 14.Kb1 e5 15.Nf5 Bxf3
16.Rhf1 Bd5 17.Neg3 Qa5 18.b3 Qc7 19.g5 hxg5 20.Bxg5 Qc6 21.Ne3 Bc5 22.Nxd5 Nxd5
23.Bc4 Bd4 24.Bxd5 Qxd5 25.Qxb4 f6  1-0

[Event "Dreszer mem"]
[Site "Gdynia"]
[Date "1987.??.??"]
[Round "7"]
[White "Szymczak, Zbigniew"]
[Black "Yudasin, Leonid"]
[Result "1/2-1/2"]
[WhiteElo "2390"]
[BlackElo "2505"]

1.d4 Nf6 2.c4 e6 3.Nf3 b6 4.Nc3 Bb7 5.a3 d5 6.cxd5 exd5 7.g3 Be7 8.Bg2 O-O
9.O-O Na6 10.b4 c5 11.bxc5 bxc5 12.Rb1 Qc8 13.Qb3 Bc6 14.Bg5 c4 15.Qc2 h6
16.Bxf6 Bxf6 17.e4 dxe4  1/2-1/2

[Event "Dreszer mem"]
[Site "Gdynia"]
[Date "1987.??.??"]
[Round "8"]
[White "Yudasin, Leonid"]
[Black "Stratil, Ladislav Jr"]
[Result "1/2-1/2"]
[WhiteElo "2505"]
[BlackElo "2370"]

1.e4 c5 2.Nf3 d6 3.d4 cxd4 4.Nxd4 Nf6 5.Nc3 a6 6.a4 e5 7.Nf3 Qc7 8.Bg5 Nbd7
9.Nd2 h6 10.Bh4 g5 11.Bg3 Nc5 12.a5 Be6 13.Qf3 Ncd7 14.Bd3 h5 15.h4 g4 16.Qe2 Bh6
17.Nc4 Nf8 18.Nb6 Rd8 19.O-O Ng6 20.Ncd5 Bxd5 21.exd5 O-O 22.Bxg6 fxg6 23.c4 Nd7
24.Qd3 Kh7 25.Nxd7 Qxd7 26.b4 Rc8 27.Rab1 Qf5 28.Qe2 Rf7 29.Rfd1 g5 30.Rb3 Qf6
31.hxg5 Bxg5 32.c5 dxc5 33.bxc5 Rxc5 34.d6 Qe6 35.d7 h4 36.d8=Q Bxd8 37.Rxd8 hxg3
38.Rxg3 Rg7 39.Qe1 e4 40.Ra3 Rb5 41.Rd4 Re5 42.Re3 Re7 43.Ra4 Kg6 44.Qd2 Rg7
45.Qe1  1/2-1/2

[Event "Dreszer mem"]
[Site "Gdynia"]
[Date "1987.??.??"]
[Round "10"]
[White "Yudasin, Leonid"]
[Black "Gdanski, Jacek"]
[Result "1-0"]
[WhiteElo "2505"]
[BlackElo "2300"]

1.e4 e6 2.d4 d5 3.Nd2 Nf6 4.e5 Nfd7 5.c3 c5 6.f4 Nc6 7.Ndf3 cxd4 8.cxd4 Qb6
9.g3 f6 10.Bh3 Be7 11.Kf1 O-O 12.Kg2 Kh8 13.Ne2 Qc7 14.Bxe6 fxe5 15.dxe5 d4
16.Nfxd4 Nxd4 17.Nxd4 Bc5 18.Bb3 Nxe5 19.fxe5 Qxe5 20.Nf3 Rxf3 21.Qxf3 Bd7
22.Rd1  1-0

[Event "Dreszer mem"]
[Site "Gdynia"]
[Date "1987.??.??"]
[Round "11"]
[White "Borkowski, Franciszek"]
[Black "Yudasin, Leonid"]
[Result "1/2-1/2"]
[WhiteElo "2450"]
[BlackElo "2505"]

1.e4 e5 2.Nf3 Nf6 3.Nxe5 d6 4.Nf3 Nxe4 5.Qe2 Qe7 6.d3 Nf6 7.Bg5 Nbd7 8.d4 c6
9.Nbd2 Qxe2+ 10.Bxe2 Be7 11.O-O-O h6 12.Bh4  1/2-1/2

[Event "URS-FL"]
[Site "Lvov"]
[Date "1987.??.??"]
[Round "?"]
[White "Novikov, Igor A"]
[Black "Yudasin, Leonid"]
[Result "1/2-1/2"]
[WhiteElo "2455"]
[BlackElo "2480"]

1.d4 Nf6 2.c4 e6 3.Nf3 d5 4.Nc3 Be7 5.Bg5 h6 6.Bh4 O-O 7.e3 b6 8.Bd3 Bb7
9.O-O Nbd7 10.Bg3 c5 11.cxd5 exd5 12.Rc1 a6 13.Bb1 Re8 14.Ne5 Nf8 15.a4 Bd6
16.Ba2 b5 17.axb5 axb5 18.Nxb5 Bxe5 19.dxe5 Ne4 20.Na3 c4 21.Bb1 Nxg3 22.hxg3 Rxe5
23.e4  1/2-1/2

[Event "URS-FL"]
[Site "Lvov"]
[Date "1987.??.??"]
[Round "?"]
[White "Ivanchuk, Vassily"]
[Black "Yudasin, Leonid"]
[Result "1/2-1/2"]
[WhiteElo "2480"]
[BlackElo "2480"]

1.d4 Nf6 2.c4 e6 3.Nf3 b6 4.g3 Ba6 5.b3 Bb7 6.Bg2 Bb4+ 7.Bd2 a5 8.O-O O-O
9.Qc2 h6 10.Bf4 a4 11.Nc3 Bxc3 12.Qxc3 d6 13.b4 b5 14.cxb5 Nbd7 15.Rfc1 Rc8
16.Ne1 Bxg2 17.Nxg2 Nb6 18.Qd3 Qd7 19.Bd2 Rb8 20.Ne3 Rb7 21.Rc6 Nc8 22.Ra6 Nb6
23.Nd1 Ra8 24.Rc1 Rba7 25.e4 d5 26.e5 Nh7 27.Nb2 Nf8 28.Rc3 Ng6 29.Ra3 Ne7
30.Ra5 Qe8 31.h3 Nf5 32.Kh2 Qf8 33.Ra6 Qe8 34.f4 Qd8 35.g4 Nh4 36.Be1 f5
37.Qg3 Rxa6 38.bxa6 g5 39.fxg5 hxg5 40.Qd3 Ng6 41.gxf5 exf5 42.Qxf5 Kg7 43.Rg3 Nd7
44.Rxg5 Nf8 45.h4 Rxa6 46.h5 Rc6 47.Bd2  1/2-1/2

[Event "URS-FL"]
[Site "Lvov"]
[Date "1987.??.??"]
[Round "?"]
[White "Chernin, Alexander"]
[Black "Yudasin, Leonid"]
[Result "0-1"]
[WhiteElo "2580"]
[BlackElo "2480"]

1.d4 Nf6 2.c4 g6 3.Nc3 d5 4.cxd5 Nxd5 5.e4 Nxc3 6.bxc3 Bg7 7.Bc4 O-O 8.Ne2 c5
9.O-O Nc6 10.Be3 Bg4 11.f3 Na5 12.Bxf7+ Rxf7 13.fxg4 Rxf1+ 14.Kxf1 Qd7 15.dxc5 Rf8+
16.Kg1 Qxg4 17.Nf4 Qxd1+ 18.Rxd1 Bxc3 19.Nd5 Bf6 20.Bh6 Re8 21.Nxf6+ exf6
22.Rd7 Rxe4 23.Rg7+ Kh8 24.Rc7 Kg8 25.Rg7+ Kh8 26.Rc7 Kg8 27.Rg7+ Kh8 28.Rc7  0-1

[Event "URS-FL"]
[Site "Lvov"]
[Date "1987.??.??"]
[Round "?"]
[White "Lputian, Smbat G"]
[Black "Yudasin, Leonid"]
[Result "1/2-1/2"]
[WhiteElo "2540"]
[BlackElo "2480"]

1.d4 Nf6 2.c4 g6 3.Nc3 d5 4.cxd5 Nxd5 5.e4 Nxc3 6.bxc3 Bg7 7.Bc4 c5 8.Ne2 O-O
9.O-O Nc6 10.Be3 b6 11.Qd2 Bb7 12.Rac1 Rc8 13.h4 Qd7 14.h5 Na5 15.Bd3 cxd4
16.cxd4 Rxc1 17.Rxc1 Rc8 18.h6 Rxc1+ 19.Qxc1 Bf8 20.Nc3 Qc8 21.d5 Nc4 22.Bd4 Nd6
23.Qf4 f6 24.e5 fxe5 25.Bxe5 Nf7 26.Bxg6 Nxe5 27.Bf5 Ng6 28.Bxc8 Nxf4 29.Bxb7 Bxh6
30.Ba6 Bg7 31.Nb5 Nxd5  1/2-1/2

[Event "URS-FL"]
[Site "Lvov"]
[Date "1987.??.??"]
[Round "?"]
[White "Yudasin, Leonid"]
[Black "Janjgava, Lasha"]
[Result "1-0"]
[WhiteElo "2480"]
[BlackElo "2480"]

1.e4 d6 2.d4 Nf6 3.Nc3 g6 4.Be3 Bg7 5.Qd2 O-O 6.O-O-O Ng4 7.Bg5 h6 8.Bh4 Nc6
9.h3 Nf6 10.f4 a6 11.g4 b5 12.e5 dxe5 13.dxe5 Qxd2+ 14.Rxd2 Nh7 15.Bg2 Bb7
16.Bxe7 Rfe8 17.Bc5 g5 18.Nd5 Rac8 19.fxg5 Nxg5 20.Nf6+ Bxf6 21.exf6 Ne4
22.Bxe4 Rxe4 23.Rhh2 Rce8 24.b3 R4e5 25.Bf2 Nb4 26.Bd4 Re1+ 27.Kb2 Rd8 28.Ne2 Nc6
29.Be3 Re8 30.Bf4 Rf1 31.Rd7 Nb4 32.Rxc7 Bg2 33.Ng3 Rg1 34.Nf5 Nd5 35.Nxh6+ Kh8
36.Nxf7+ Kg8 37.Ng5 Nxf6 38.Nf7 Rf1  1-0

[Event "URS-FL"]
[Site "Lvov"]
[Date "1987.??.??"]
[Round "?"]
[White "Yudasin, Leonid"]
[Black "Mikhalchishin, Adrian"]
[Result "0-1"]
[WhiteElo "2480"]
[BlackElo "2500"]

1.e4 c6 2.c4 d5 3.exd5 cxd5 4.d4 Nf6 5.Nc3 Nc6 6.Nf3 Bg4 7.cxd5 Nxd5 8.Qb3 Bxf3
9.gxf3 e6 10.Qxb7 Nxd4 11.Bb5+ Nxb5 12.Qc6+ Ke7 13.Qxb5 Qd7 14.Nxd5+ Qxd5
15.Qxd5 exd5 16.O-O Ke6 17.Re1+ Kf5 18.Rd1 Ke6 19.Re1+ Kf5 20.Rd1 Ke6  0-1

[Event "URS-FL"]
[Site "Lvov"]
[Date "1987.??.??"]
[Round "?"]
[White "Yudasin, Leonid"]
[Black "Gavrikov, Viktor"]
[Result "1/2-1/2"]
[WhiteElo "2480"]
[BlackElo "2525"]

1.e4 e5 2.Nf3 Nf6 3.Nxe5 d6 4.Nf3 Nxe4 5.d4 d5 6.Bd3 Bd6 7.O-O O-O 8.c4 c6
9.Re1 Re8 10.h3 Bf5 11.Qb3 Na6 12.cxd5 cxd5 13.Nc3 Nb4 14.Bb1 Qd7 15.Ne5 Nxc3
16.bxc3 Bxe5 17.Rxe5 Nd3 18.Rxe8+ Rxe8 19.Be3 Qc6 20.Bc2 Be4 21.Rf1 h5 22.Bd1 Qg6
23.g3 f5 24.Bc2 f4 25.Bxd3 Bxd3 26.Bxf4 Bxf1 27.Kxf1 Qf5 28.Kg2 Re1 29.f3 Kh7
30.g4 Qxf4 31.Qxd5 Re2+ 32.Kf1 Re7 33.Qxh5+ Kg8 34.Qd5+ Qf7 35.Qd8+ Re8  1/2-1/2

[Event "URS-FL"]
[Site "Lvov"]
[Date "1987.??.??"]
[Round "?"]
[White "Yudasin, Leonid"]
[Black "Vyzmanavin, Alexey"]
[Result "1/2-1/2"]
[WhiteElo "2480"]
[BlackElo "2480"]

1.e4 c5 2.Nc3 Nc6 3.g3 g6 4.d3 Bg7 5.Bg2 d6 6.Be3 Nd4 7.Qd2 Qa5 8.f4 e6 9.Nh3 Ne7
10.O-O Qb6 11.Nd1 Ndc6 12.c3 a5 13.Qf2 Qd8 14.f5 exf5 15.g4 Ne5 16.gxf5 gxf5
17.Bg5 f6 18.Bd2 fxe4 19.dxe4 O-O 20.Ne3 Bd7 21.Nf4 Qe8 22.Rad1 b5 23.Bc1 Ra6
24.Qg3 Kh8 25.Kh1 Bc8 26.Bh3 N5g6 27.Ne6 Bxe6 28.Bxe6 Nc8 29.Qh3 Nce7 30.Nf5 Qa8
31.Nxg7 Qxe4+ 32.Kg1 Kxg7 33.Bh6+ Kh8 34.Bxf8 Nxf8 35.Rxf6 Neg6 36.Bd5 Qe5
37.Rf7 Rb6 38.Qc8 Qg5+ 39.Kh1 Qh6 40.Qd8  1/2-1/2

[Event "URS-FL"]
[Site "Lvov"]
[Date "1987.??.??"]
[Round "?"]
[White "Yudasin, Leonid"]
[Black "Zaichik, Gennadi"]
[Result "1-0"]
[WhiteElo "2480"]
[BlackElo "2490"]

1.e4 e5 2.Nf3 Nc6 3.Bc4 Bc5 4.d3 Nf6 5.O-O d6 6.c3 a6 7.Bb3 O-O 8.Bg5 Bd7
9.Nbd2 h6 10.Bh4 g5 11.Bg3 b5 12.Re1 Bg4 13.Nf1 Bh5 14.h4 g4 15.N3h2 Qd7
16.Qd2 Kh7 17.Ne3 Ne7 18.Kh1 Bg6 19.Bd1 Bxe3 20.Qxe3 Nfg8 21.Bxg4 f5 22.Bh3 Qc6
23.f4 exf4 24.Bxf4 Rae8 25.e5 Nd5 26.Qf3 Bh5 27.Qg3 Re6 28.exd6 Rg6 29.Qf2 cxd6
30.Bd2 f4 31.a4 bxa4 32.Re4 Rg3 33.c4 Ngf6 34.Bf5+ Kg8 35.cxd5 Nxe4 36.dxe4 Qc2
37.Qxf4 Qd3 38.Rf1 Rg7 39.Bc3  1-0

[Event "URS-ch otbor"]
[Site "Norilsk"]
[Date "1987.??.??"]
[Round "?"]
[White "Shneider, Aleksandr"]
[Black "Yudasin, Leonid"]
[Result "1/2-1/2"]
[WhiteElo "2455"]
[BlackElo "2480"]

1.d4 Nf6 2.Nf3 e6 3.c4 b6 4.Nc3 Bb7 5.a3 d5 6.cxd5 exd5 7.g3 Be7 8.Qa4+ c6
9.Bg2 O-O 10.O-O Nbd7 11.Rd1 Bd6 12.Bf4 Qe7 13.e3 Rfd8 14.Bxd6 Qxd6 15.b4 a5
16.Qb3 b5 17.bxa5 Rxa5 18.Qb4 Qc7 19.a4 Rda8 20.Rab1 Ba6 21.Ne5 c5 22.Qb2 Nxe5
23.dxe5 Qxe5 24.axb5 Bb7 25.Nxd5 Qxb2 26.Rxb2 Nxd5 27.Bxd5 Ra1 28.Rd2 Bxd5
29.Rxd5 Kf8 30.Kf1 c4 31.Ke1 c3 32.Rc5 R1a5 33.Rd7 Ke8 34.Rb7 Ra1+ 35.Ke2 R1a2+
36.Kd3 Rxf2 37.Kxc3 Rxh2 38.Rcc7 Rf2 39.b6 Rf6 40.Kb4 h5 41.Kb5 Rf5+ 42.Rc5 Rf6
43.Rbc7 Ra1 44.b7 Rb1+ 45.Ka5 Rfb6 46.Rc8+ Ke7 47.R5c7+ Kd6 48.Rxf7 Rxb7
49.Rxb7 Rxb7  1/2-1/2

[Event "URS-ch otbor"]
[Site "Norilsk"]
[Date "1987.??.??"]
[Round "?"]
[White "Yudasin, Leonid"]
[Black "Gelfand, Boris"]
[Result "1/2-1/2"]
[WhiteElo "2480"]
[BlackElo "2510"]

1.e4 e6 2.d4 d5 3.Nd2 c5 4.Ngf3 Nf6 5.exd5 exd5 6.Bb5+ Bd7 7.Bxd7+ Nbxd7
8.O-O Be7 9.dxc5 Nxc5 10.Nb3 Nce4 11.Nfd4 Qd7 12.Qf3 O-O 13.Nf5 Bd8 14.Be3 g6
15.Ng3 Bc7 16.Rfd1 Qe6 17.Nd4 Qa6 18.a4 Be5 19.c3 Qc4 20.Bf4 Qc7 21.Bxe5 Qxe5
22.a5 a6 23.Nf1 Rfe8 24.Nc2 Rad8 25.Nfe3 h5 26.Ra4 Qc7 27.Rb4 Re6 28.Nd4 Re7
29.Nb3 Qe5 30.Rbd4 Ng4 31.Nxg4 hxg4 32.Qe3 Kg7 33.Nd2 Nxd2 34.Qxe5+ Rxe5
35.R4xd2 d4  1/2-1/2

[Event "URS-ch otbor"]
[Site "Norilsk"]
[Date "1987.??.??"]
[Round "?"]
[White "Shabalov, Alexander"]
[Black "Yudasin, Leonid"]
[Result "0-1"]
[WhiteElo "2375"]
[BlackElo "2480"]

1.Nf3 c5 2.c4 g6 3.d4 cxd4 4.Nxd4 Nf6 5.Nc3 Bg7 6.e4 d6 7.Be2 Nc6 8.Nc2 Be6
9.O-O Rc8 10.Ne3 O-O 11.Bd2 Nd4 12.Rc1 Nd7 13.b3 Nc5 14.Ned5 f5 15.Be3 Nxe2+
16.Qxe2 Nxe4 17.Nxe4 fxe4 18.Rcd1 Bxd5 19.Rxd5 Rf5 20.Rfd1 Rxd5 21.cxd5 Qc7
22.Qg4 Qc2 23.h4 Rf8 24.Rc1 Qxa2 25.Qe6+ Kh8 26.Qxe7 Qb2 27.Qxd6 a5 28.g3 Qxb3
29.Kg2 a4 30.Rc7 a3 31.g4 Qd1 32.Rxg7 Qxg4+ 33.Kf1 Kxg7 34.Bd4+ Kg8 35.Qe5 Qd7
36.d6 Rf5 37.Qh8+ Kf7 38.Qxh7+ Ke6 39.Qxg6+ Kd5 40.Ba1 Qf7 41.Qg3 b5 42.Ke1 b4
43.Qe3 Kc6 44.Qd4 Qd5 45.Qh8 Kxd6 46.Bd4 Kc7 47.Qg7+ Kc6 48.Qa7 Kb5 49.Qb6+ Kc4  0-1

[Event "Tbilisi"]
[Site "Tbilisi"]
[Date "1987.??.??"]
[Round "?"]
[White "Giorgadze, Tamaz"]
[Black "Yudasin, Leonid"]
[Result "1/2-1/2"]
[WhiteElo "2505"]
[BlackElo "2495"]

1.e4 c5 2.c3 Nf6 3.e5 Nd5 4.d4 cxd4 5.Nf3 Nc6 6.cxd4 d6 7.Bc4 e6 8.O-O Be7
9.a3 O-O 10.Qe2 b6 11.Bd2 Bb7 12.Nc3 dxe5 13.dxe5 Na5 14.Ba2 Rc8 15.Rfd1 Nxc3
16.Bxc3 Qc7 17.Nd4 Nc4 18.Bxc4 Qxc4 19.Qxc4 Rxc4 20.Nb5 Ba6 21.Rd7 Bxb5 22.Rxe7 Ra8  1/2-1/2

[Event "Tbilisi"]
[Site "Tbilisi"]
[Date "1987.??.??"]
[Round "?"]
[White "Lanc, Alois"]
[Black "Yudasin, Leonid"]
[Result "0-1"]
[WhiteElo "2495"]
[BlackElo "2505"]

1.e4 c5 2.Nf3 d6 3.d4 cxd4 4.Nxd4 Nf6 5.Nc3 a6 6.Be3 e6 7.Be2 Be7 8.f4 O-O
9.a4 Qc7 10.O-O b6 11.Bf3 Bb7 12.Nb3 Nc6 13.Qe2 Rab8 14.g4 Rfe8 15.g5 Nd7
16.Qg2 Bf8 17.Rf2 g6 18.h4 Na5 19.Nd2 Bg7 20.Ra3 Rbc8 21.h5 Nc4 22.Nxc4 Qxc4
23.Rd2 Nc5 24.hxg6 hxg6 25.Ra1 Qb4 26.Re1 Qxb2 27.Nd1 Qb4 28.c3 Qxa4 29.Bd4 e5
30.Bxc5 dxc5 31.f5 Red8 32.f6 Bf8 33.Ree2 Qa1 34.Qh3 Qxd1+ 35.Rxd1 Rxd1+
36.Kg2 Rcd8 37.Kg3 R8d3 38.Rf2 Rxc3 39.Kg4 Bc8+  0-1

[Event "Tbilisi"]
[Site "Tbilisi"]
[Date "1987.??.??"]
[Round "?"]
[White "Shabanov, Yuri"]
[Black "Yudasin, Leonid"]
[Result "1-0"]
[WhiteElo "2410"]
[BlackElo "2505"]

1.d4 Nf6 2.Nf3 c5 3.c3 b6 4.Bg5 Bb7 5.Nbd2 e6 6.e3 Be7 7.Bd3 h6 8.Bxf6 Bxf6
9.Qe2 O-O 10.O-O Nc6 11.Rfd1 d5 12.Rac1 Re8 13.a3 a6 14.b4 e5 15.dxe5 Nxe5
16.Nxe5 Bxe5 17.Nf3 Bc7 18.bxc5 bxc5 19.Rb1 Qc8 20.Qc2 Bc6 21.Bf5 Qd8 22.e4 c4
23.exd5 Bd7 24.Rb4 Bxf5 25.Qxf5 Rc8 26.g3 Ba5 27.Rb7 Qf6 28.Qxf6 gxf6 29.d6 Red8
30.d7 Rc6 31.Re1 Kf8 32.Re3 Rd6 33.Re4 Rd3 34.Kg2 Rxc3 35.Nd2 Rxa3 36.Nxc4 Ra4
37.Ra7 Bc3 38.Rc7 Be5 39.Nxe5 Rc4 40.Nc6  1-0

[Event "Tbilisi"]
[Site "Tbilisi"]
[Date "1987.??.??"]
[Round "?"]
[White "Yudasin, Leonid"]
[Black "Kallai, Gabor"]
[Result "1-0"]
[WhiteElo "2505"]
[BlackElo "2420"]

1.e4 c5 2.Nc3 Nc6 3.g3 g6 4.Bg2 Bg7 5.d3 e5 6.f4 d6 7.Nh3 Nge7 8.O-O O-O
9.Be3 exf4 10.Nxf4 Ne5 11.Kh1 b5 12.a3 Rb8 13.Qd2 a5 14.h3 b4 15.axb4 axb4
16.Ncd5 Nxd5 17.Nxd5 Bb7 18.Ra7 Bxd5 19.exd5 Ra8 20.Rfa1 Rxa7 21.Rxa7 Qb6
22.Ra4 Qb7 23.Qd1 h5 24.b3 Qe7 25.Bf2 f5 26.d4 cxd4 27.Rxb4 d3 28.cxd3 Ra8
29.Ra4 Rb8 30.b4 Qg5 31.d4 Nf7 32.Qe2 Qc1+ 33.Kh2 h4 34.b5 hxg3+ 35.Bxg3 f4
36.Bh4 Rc8 37.b6 Rc2 38.Qe4 Kh7 39.Ra7 f3 40.Qxf3 Ng5 41.Qg4 Rxg2+ 42.Kxg2  1-0

[Event "Tbilisi"]
[Site "Tbilisi"]
[Date "1987.??.??"]
[Round "?"]
[White "Yudasin, Leonid"]
[Black "Gurgenidze, Bukhuti"]
[Result "1-0"]
[WhiteElo "2505"]
[BlackElo "2395"]

1.Nf3 b6 2.e4 Bb7 3.d3 g6 4.g3 Bg7 5.Bg2 e5 6.O-O Ne7 7.Re1 c5 8.Na3 d6 9.c3 a6
10.d4 Qc7 11.dxe5 dxe5 12.Nc4 O-O 13.a4 Nd7 14.Bh3 Rad8 15.Qb3 Nc8 16.Bg5 Rde8
17.Rad1 Bc6 18.Ne3 b5 19.axb5 axb5 20.Nd5 Bxd5 21.Qxd5 Ndb6 22.Qd3 h6 23.Bc1 c4
24.Qb1 Rd8 25.b3 Rxd1 26.Rxd1 Nd6 27.Ba3 Rd8 28.Bf1 Nb7 29.Rxd8+ Nxd8 30.Nd2 Ne6
31.bxc4 Nxc4 32.Nxc4 bxc4 33.Qb5 Ng5 34.Bxc4 Qc8 35.Qd5 Qg4 36.h4 Nf3+ 37.Kf1 Nh2+
38.Kg2 Qf3+ 39.Kxh2 Qxf2+ 40.Kh3 Qf3 41.Qxf7+ Qxf7 42.Bxf7+ Kxf7 43.Kg4 h5+
44.Kg5 Bf6+ 45.Kh6 Bd8 46.Bd6 Kf6 47.Bf8 Kf7 48.Bg7 Bc7 49.c4 Bd6 50.Kh7  1-0

[Event "Tbilisi"]
[Site "Tbilisi"]
[Date "1987.??.??"]
[Round "?"]
[White "Yudasin, Leonid"]
[Black "Potts, Alan"]
[Result "0-1"]
[WhiteElo "2505"]
[BlackElo "2320"]

1.e4 e6 2.d4 d5 3.Nc3 Bb4 4.e5 Ne7 5.a3 Bxc3+ 6.bxc3 c5 7.Nf3 Bd7 8.dxc5 Ba4
9.Rb1 Nd7 10.Rxb7 Nxc5 11.Rb4 Qa5 12.Nd4 O-O 13.Qh5 Qc7 14.Bb5 a5 15.Rb2 Ng6
16.O-O Qxe5 17.Qh3 Bxb5 18.Rxb5 Ne4 19.f4 Qc7 20.f5 exf5 21.Rxd5 f4 22.Ne2 Qb6+
23.Rd4 Ng5 24.Qd3 Ne6 25.Nxf4 Ngxf4 26.Bxf4 Rac8 27.Be3 Nxd4 28.Bxd4 Qc6
29.Rf5 a4 30.h3 f6 31.Rh5 f5 32.Rxf5 Rxf5 33.Qxf5 Re8 34.Qg4 Re1+ 35.Kf2 Re7
36.Kg1 h6 37.Qg3 Qe4 38.Qb8+ Kh7 39.Qb4 Re6 40.Qf8 Qe1+ 41.Kh2 Rg6 42.Qf3 Qe7
43.Qf5 Qxa3 44.g4 Qd6+ 45.Be5 Qd2+ 46.Kg3 Qe3+ 47.Kg2 Qg5 48.Qe4 a3 49.c4 h5  0-1

[Event "Tbilisi"]
[Site "Tbilisi"]
[Date "1987.??.??"]
[Round "?"]
[White "Yudasin, Leonid"]
[Black "Rantanen, Yrjo A"]
[Result "1/2-1/2"]
[WhiteElo "2505"]
[BlackElo "2385"]

1.e4 e5 2.Nf3 Nc6 3.Bb5 Bc5 4.c3 f5 5.Bxc6 dxc6 6.Nxe5 Qh4 7.O-O fxe4 8.d4 exd3
9.Qxd3 Ne7 10.Nf3 Qg4 11.Nbd2  1/2-1/2

[Event "URS-FL56"]
[Site "Simferopol"]
[Date "1988.??.??"]
[Round "?"]
[White "Yudasin, Leonid"]
[Black "Malaniuk, Vladimir P"]
[Result "0-1"]
[WhiteElo "2505"]
[BlackElo "2520"]

1.e4 e5 2.Nf3 Nc6 3.Bc4 Bc5 4.c3 Nf6 5.b4 Bb6 6.d3 d6 7.a4 a5 8.b5 Ne7 9.O-O Ng6
10.Qb3 O-O 11.Nbd2 Nh5 12.d4 Qf6 13.Ba3 Re8 14.Rfe1 Nhf4 15.Rac1 Be6 16.Re3 Nh4
17.Nxh4 Qxh4 18.Bb2 Qh6 19.g3 Bxc4 20.Qxc4 d5 21.Qf1 exd4 22.cxd4 dxe4 23.Rce1 Nh3+
24.Kh1 Ng5 25.h4 Qh5 26.Kg1 Ne6 27.Rxe4 Red8 28.Re5 Qg6 29.Qc4 h6 30.R1e4 Qf6
31.Kg2 c6 32.bxc6 bxc6 33.g4 Bc7 34.Rf5 Qe7 35.Qxc6 g6 36.Rf3 Rac8 37.Qc4 Be5
38.Qa6 Ra8 39.Qe2 Bxd4 40.Bxd4 Rxd4 41.Rfe3 Qb7 42.Kg1 Rad8 43.Nf3 Rb4 44.Ne1 Nd4
45.Re8+ Kg7 46.Qd1 Rb1 47.R8e7 Qb4  0-1

[Event "URS-FL56"]
[Site "Simferopol"]
[Date "1988.??.??"]
[Round "?"]
[White "Yudasin, Leonid"]
[Black "Lputian, Smbat G"]
[Result "1/2-1/2"]
[WhiteElo "2505"]
[BlackElo "2540"]

1.e4 e6 2.d4 d5 3.Nc3 Bb4 4.e5 c5 5.Qg4 Ne7 6.dxc5 Nbc6 7.Bb5 Qa5 8.Bxc6+ bxc6
9.Bd2 Nf5 10.Nge2 h5 11.Qf4 Qxc5 12.O-O Ba6 13.Rfe1 Qc4 14.Rac1 Qxf4 15.Nxf4 Rb8
16.a3 Be7 17.b4  1/2-1/2

[Event "URS-FL56"]
[Site "Simferopol"]
[Date "1988.??.??"]
[Round "?"]
[White "Yudasin, Leonid"]
[Black "Khalifman, Alexander"]
[Result "1/2-1/2"]
[WhiteElo "2505"]
[BlackElo "2530"]

1.e4 e5 2.Nf3 Nf6 3.Nxe5 d6 4.Nf3 Nxe4 5.d4 d5 6.Bd3 Be7 7.O-O Nc6 8.Re1 Bg4
9.c3 f5 10.Qb3 O-O 11.Nbd2 Na5 12.Qa4 Nc6 13.Qb3 Na5 14.Qa4 Nc6 15.Bb5 Nxd2
16.Nxd2 Qd6 17.Nb3 f4 18.Nc5 Qg6 19.Bd3 Bf5 20.Bxf5 Rxf5 21.f3  1/2-1/2

[Event "URS-FL56"]
[Site "Simferopol"]
[Date "1988.??.??"]
[Round "?"]
[White "Yermolinsky, Alex"]
[Black "Yudasin, Leonid"]
[Result "1/2-1/2"]
[WhiteElo "2460"]
[BlackElo "2505"]

1.d4 Nf6 2.Nf3 c5 3.d5 g6 4.Nc3 Bg7 5.e4 O-O 6.Bf4 d6 7.Nd2 Na6 8.Be2 Nc7
9.a4 a6 10.O-O Bd7 11.a5 Nb5 12.Na4 Nd4 13.Nb6 Nxe2+ 14.Qxe2 Rb8 15.Rab1 Nh5
16.Bg5 h6 17.Be3 f5 18.exf5 Rxf5 19.b4 cxb4 20.Rxb4 Rf7 21.Rfb1 Kh7 22.Nf3 Bc3
23.Nxd7 Qxd7 24.R4b3 Bg7 25.c4 Qc7 26.Qd3 Nf4 27.Qe4 Ne2+ 28.Kh1 Nc3 29.Qh4 Rxf3
30.Rxc3 Qxa5 31.Bxh6 Rxc3 32.Bxg7+  1/2-1/2